000
00219nam a2200097Ia 4500
008
240331s9999 xx 000 0 und d
082
_b
RUW
100
_a
Ruwanpathirana,M
245
0
_a
Obe yeheliya aya gahaniya
942
_c
L
999
_c
4888
_d
4888